Romania National Football Team - Statistics

General Stats
  • This quiz has been taken 119 times
    30 since last reset
  • The average score is 5 of 18
Answer Stats
Goals Caps Player % Correct
35 124 Gheorghe Hagi
100%
35 77 Adrian Mutu
50%
16 115 Gheorghe Popescu
50%
15 84 Nicolae Stanciu
38%
16 134 Dorinel Munteanu
33%
2 113 Răzvan Raţ
29%
25 72 Ciprian Marica
25%
21 40 Florin Răducioiu
25%
23 102 László Bölöni
25%
21 57 Anghel Iordănescu
21%
12 95 Dan Petrescu
21%
0 86 Bogdan Lobonţ
17%
0 91 Bogdan Stelea
17%
25 70 Viorel Moldovan
13%
21 40 Dudu Georgescu
8%
5 89 Michael Klein
8%
21 73 Rodion Cămătaru
8%
31 48 Iuliu Bodola
4%
No matching quizzes found
Score Distribution
Percent of People with Each Score
Percentile by Number Answered
Your Score History
You have not taken this quiz since the last reset